Bedřich Smetana Kniha šestá Na českém venkově

Bibliographic Details
Main Author: Nejedlý, Zdeněk, 1878-1962 (Author)
Format: Book
Language:Undetermined
Czech
PhysicalDescription:552 s. 21 cm
Published: Praha Orbis 1953
Series:Spisy Zdeňka Nejedlého
Subjects:

MARC

LEADER 00000nam a2200000 a 4500
001 vtls001409949
003 SK-MaSNL
005 20260301071959.0
008 240314s1953 xx 0 und
035 |a SNK000364638 
040 |a SNK  |b slo  |c SNK  |e AACR2 
041 |a cze 
044 |a xr  |c CS 
072 7 |a 929  |x Biografie  |2 Konspekt 
080 |a 929  |2 2011 
100 1 |a Nejedlý, Zdeněk,  |d 1878-1962  |4 aut  |9 114414 
245 1 0 |a Bedřich Smetana  |n Kniha šestá  |p Na českém venkově  |c Zdeněk Nejedlý 
260 |a Praha  |b Orbis  |c 1953 
300 |a 552 s.  |c 21 cm 
490 1 |a Spisy Zdeňka Nejedlého  |v Svazek 
504 |a Reg. 
600 1 7 |a Smetana, Bedřich,  |d 1824-1884  |2 SNKMA  |9 116806 
650 0 7 |a hudobní skladatelia  |2 SNKPH  |9 3188 
655 7 |a biografie  |2 SNKPH  |9 27965 
830 0 |a Spisy Zdeňka Nejedlého  |9 297347 
999 |c 639639  |d 641569 
952 |t P60, <04>, [BOOK], {604}  |a SNK  |b SNK  |y VYP  |7 0  |p 17A0294295  |o snkIC 4803/26  |0 0  |1 0  |4 0  |d 2001-03-22  |l 0  |r 2005-01-02 00:00:00  |w 2026-02-23